Online
Catalog

La telaraña cubana de Trujillo / (Record no. 24602)

MARC details
000 -CABECERA
campo de control de longitud fija 00978nam a2200301 a 4500
001 - NÚMERO DE CONTROL
campo de control 000025109
003 - IDENTIFICADOR DEL NÚMERO DE CONTROL
campo de control DO-SdBNP
005 - FECHA Y HORA DE LA ÚLTIMA TRANSACCIÓN
campo de control 20260303090148.0
007 - CAMPO FIJO DE DESCRIPCIÓN FÍSICA--INFORMACIÓN GENERAL
campo de control de longitud fija ta
008 - DATOS DE LONGITUD FIJA--INFORMACIÓN GENERAL
campo de control de longitud fija 110210s2018 dr a 000 0 spa d
020 ## - NÚMERO INTERNACIONAL ESTÁNDAR DEL LIBRO
Número Internacional Estándar del Libro 9789945074505
040 ## - FUENTE DE LA CATALOGACIÓN
Centro catalogador/agencia de origen DO-SdBNP
Lengua de catalogación spa
Centro/agencia transcriptor BNPHU
049 ## - FONDOS LOCALES (OCLC)
Fondos de biblioteca BNPD
082 #4 - NÚMERO DE LA CLASIFICACIÓN DECIMAL DEWEY
Número de edición 22
100 1# - ENTRADA PRINCIPAL--NOMBRE DE PERSONA
Nombre de persona Acosta Matos, Eliades,
Fechas asociadas al nombre 1959-
9 (RLIN) 74479
245 13 - MENCIÓN DE TÍTULO
Título La telaraña cubana de Trujillo /
Mención de responsabilidad, etc. Eliades Acosta Matos
250 ## - MENCIÓN DE EDICIÓN
Mención de edición 2a ed.
260 ## - PUBLICACIÓN, DISTRIBUCIÓN, ETC.
Lugar de publicación, distribución, etc. Santo Domingo :
Nombre del editor, distribuidor, etc. Archivo General de la Nación,
Fecha de publicación, distribución, etc. 2018.
300 ## - DESCRIPCIÓN FÍSICA
Extensión v. ;
Dimensiones 23 cm.
490 1# - MENCIÓN DE SERIE
Mención de serie Archivo General de la Nación
Designación de volumen o secuencia 330
500 ## - NOTA GENERAL
Nota general Incluye datos biográficos del autor en las solapas e índice onomástico
500 ## - NOTA GENERAL
Nota general Incluye referencias bibliográficas y notas al pie de las páginas
590 ## - NOTA LOCAL (RLIN)
Nota local Inventariado, 2021/BT
700 1# - PUNTO DE ACCESO ADICIONAL--NOMBRE DE PERSONA
Nombre de persona Hernández Álvarez, Irene,
Término indicativo de función/relación ed.
9 (RLIN) 15946
830 #0 - PUNTO DE ACCESO ADICIONAL DE SERIE-TÍTULO UNIFORME
Título uniforme Archivo General de la Nación
Número de parte o sección de la obra 330
9 (RLIN) 80551
910 ## - DATOS DE OPCIÓN DEL USUARIO (OCLC)
Datos de opción del usuario Btavárez
942 ## - ELEMENTOS DE PUNTO DE ACCESO ADICIONAL (KOHA)
Fuente del sistema de clasificación o colocación Dewey Decimal Classification
Tipo de ítem Koha Libro
Holdings
Estado de retiro Estado de pérdida Fuente del sistema de clasificación o colocación Restricciones de uso No para préstamo Código de colección Localización permanente Ubicación/localización actual Ubicación en estantería Fecha de adquisición Número de inventario Total de préstamos Signatura topográfica completa Código de barras Fecha visto por última vez Precio válido a partir de Tipo de ítem Koha Fuente de adquisición Número de copia
    Dewey Decimal Classification Préstamo en sala   Patrimonio Dominicano Biblioteca Nacional Pedro Henríquez Ureña Dominicana Depósito 15.12.2014 LF1   BNPHU DS 25109-100 25.06.2020 25.06.2020 Libro y Folleto Colección Patrimonio Dominicano    
    Dewey Decimal Classification Préstamo en sala   Dominicana de Servicio Biblioteca Nacional Pedro Henríquez Ureña Dominicana Depósito 10.02.2011 LF1   BNPHU DS 25109-30 25.06.2020 25.06.2020 Libro y Folleto Colección Dominicana de Servicio Depósito Legal v.1, e.3
    Dewey Decimal Classification Préstamo en sala   Dominicana de Servicio Biblioteca Nacional Pedro Henríquez Ureña Dominicana En catalogación 15.12.2014 LF1   BNPHU DS 25109-70 25.06.2020 25.06.2020 Libro y Folleto Colección Dominicana de Servicio Depósito Legal v.2, e.3
    Dewey Decimal Classification Préstamo en sala   Dominicana de Servicio Biblioteca Nacional Pedro Henríquez Ureña Dominicana En catalogación 15.12.2014 LF1   BNPHU DS 25109-60 25.06.2020 25.06.2020 Libro y Folleto Colección Dominicana de Servicio Depósito Legal v.2, e.3
    Dewey Decimal Classification Excluido de préstamo   Patrimonio Dominicano Biblioteca Nacional Pedro Henríquez Ureña Patrimonio Dominicano Depósito 08.04.2011 LF1   BNPHU PD 25109-40 25.06.2020 25.06.2020 Libro y Folleto Colección Patrimonio Dominicano   v.2
    Dewey Decimal Classification Excluido de préstamo   Patrimonio Dominicano Biblioteca Nacional Pedro Henríquez Ureña Patrimonio Dominicano Depósito 10.02.2011 LF1   BNPHU PD 25109-10 25.06.2020 25.06.2020 Libro y Folleto Colección Patrimonio Dominicano Depósito Legal v.1
    Dewey Decimal Classification Excluido de préstamo   Patrimonio Dominicano Biblioteca Nacional Pedro Henríquez Ureña Patrimonio Dominicano Depósito 10.02.2011 LF1   BNPHU PD 25109-20 25.06.2020 25.06.2020 Libro y Folleto Colección Patrimonio Dominicano Depósito Legal v.1, e.2
    Dewey Decimal Classification Excluido de préstamo   Patrimonio Dominicano Biblioteca Nacional Pedro Henríquez Ureña Patrimonio Dominicano Depósito 15.12.2014 LF1   BNPHU PD 25109-50 25.06.2020 25.06.2020 Libro y Folleto Colección Patrimonio Dominicano Depósito Legal v.2, e.2
          Patrimonio Dominicano Patrimonio Dominicano Patrimonio Dominicano Orden iniciada 15.12.2014 LF1   xxx M689g 25109-80 25.06.2020 25.06.2020 Libro y Folleto Colección Patrimonio Dominicano    
          Patrimonio Dominicano Patrimonio Dominicano Patrimonio Dominicano Orden iniciada 15.12.2014 LF1   xxx M689g 25109-90 25.06.2020 25.06.2020 Libro y Folleto Colección Patrimonio Dominicano    

Powered by Koha